| 000 | 00413nam a22001457a 4500 | ||
|---|---|---|---|
| 005 | 20250915154453.0 | ||
| 008 | 250915b |||||||| |||| 00| 0 eng d | ||
| 020 | _a998857603X | ||
| 050 |
_aBS1199 _b.C4 CHA |
||
| 100 | _aGHARTEY JOHN B. | ||
| 245 |
_aLETS ARISE AND BUILD; _bNEHEMIAH'S BLUEPRINTS FOR NATION BUILDING |
||
| 260 |
_aACCRA _bLIVING WORD FOUNDATION ACCRA |
||
| 300 | _axiii, 103p | ||
| 942 |
_2lcc _cBK _n0 |
||
| 999 |
_c7566 _d7566 |
||